00321nam a2200121Ia 4500008004100000082001600041100002100057245003800078250000800116260005200124300001000176650001300186150201s1994 xx 000 0 und d a610bI1994M aMACKLES,ROGER M. aINTRODUCTION TO CLINICAL MEDICINE a3RD bA LITTLE BROWN & COMPANYaBOSTON (LONDON)c1994 a1-305 aMEDICINE